Quizzes
Events
Quiz Creation
Community
Videos
Private Events
Remove Ads
Sign In
Join for FREE
Feedback
Dark Mode
Quiz Categories
Sports
Geography
Music
Movies
Television
Just For Fun
Miscellaneous
History
Literature
Language
Science
Gaming
Entertainment
Religion
Holiday
For Kids
Quiz Lab
Recent
Popular Today
Quiz Kudos Today
Editor Picks
Curator Picks
Quizzes by...
Day
Popularity
Type
Ratings
Length
Year
Community
Subscriptions
Recent Discussions
Orange Saloon
Badges
Playlists
Quests
Create
Leaderboards
Showdown
Live 5
Trivia Bingo
Activity
Puzzle Library
Sporcle Events
Private Events
Virtual Trivia
Globe League
Become a Host
Pub Owners
SporcleCon
Opinionation
Our Games
Videos
Blog
Mobile Apps
Partnerships
Remove Ads and Go Orange
Feedback
Movies
Disney
Marvel Cinematic Universe
Movie Resume
Movie Titles
Oscar
Actor
Actress
Director
Pixar
Role
Movie Quotes
Movie Characters
Box Office
Nominee
Best Picture
Star Wars
James Bond
Horror Movies
Movies
Disney
Marvel Cinematic Universe
Movie Resume
Movie Titles
Oscar
Actor
Actress
Director
Pixar
Role
Movie Quotes
Movie Characters
Box Office
Nominee
Best Picture
Star Wars
James Bond
Horror Movies
Random Quiz
Search Sporcle
×
Quiz Lab
Quiz Lab
Movies
Restaurants
Type in answers that appear in a list
Type in answers that appear in a list
Classic
Best Score? Go Orange.
Movies by Restaurant Stats
Can you name the movies by the restaurant located in the film?
By
darkchrome
6m
20 Questions
2,932 Plays
2,932 Plays
2,932 Plays
Comments
Comments
Give Quiz Kudos
Give Quiz Kudos
-
- Ratings
hide this ad
Replay
Link that replays current quiz
Next Quiz
Link to next quiz in quiz playlist
You Got
0%
They Got
Avg Score
17%
Avg Friend Score
Upgrade to see
Score Distribution
Jump to the score distribution portion of the page
Score
0/20
Timer
06:00
0
Plays Today
Restaurant Name
Movie
% Correct
Pizza Planet
Toy Story
45.2%
Rick’s Café Américain
Casablanca
41.8%
Jackrabbit Slim’s
Pulp Fiction
36.4%
The Frosty Palace
Grease
33.5%
Chotchkies
Office Space
26.2%
The Prancing Pony
The Lord of the Rings:The Fellowship of the Ring
24.1%
McDowell's
Coming To America
23.6%
The Korova Milk Bar
A Clockwork Orange
17.8%
Mel's Drive-
In
American Graffiti
16.3%
Shenaniganz
Waiting...
16.2%
Restaurant Name
Movie
% Correct
Fratelli's
The Goonies
15.6%
ZiggyPiggy
Bill and Ted's Excellent Adventure
12.3%
Harryhausen’s
Monster's Inc.
11.7%
Bo' Ling Chop Suey Palace
A Christmas Story
7.7%
Dorsia
American Psycho
7.4%
The Slaughtered Lamb
An American Werewolf in London
5.3%
Mr. Smiley's
American Beauty
5%
Chez Quis
Ferris Bueller's Day Off
4.8%
Tip Top Cafe
Groundhog Day
3.1%
Acuña Boys
Grindhouse
1.6%
Quiz Playlist
Details
Report
Send in Message
Add To Playlist
Classic:
Type in answers that appear in a list
Last Updated: Feb 16, 2017
Quiz Scoreboard
CHALLENGE
Sign Up to Join the Scoreboard
Show All
Scores
Hide
Comments
May contain spoilers
Recently Published
Billboard Blitz: Fleetwood Mac
by CooCooCachoo
Music
15s
Presidents Visiting Landmarks
by Hejman
History
7m
An Introduction to Baseball
by treessimontrees
Sports
5m
More to Explore
Quiz From the Vault
Featured Blog Post
Where Did the Easter Bunny Come From?
hide this ad
You Might Also Like...
Tags
Restaurants Quiz
fictional
Fictional Restaurants
Today's Top Quizzes in Movies
Browse Movies
hide this ad
Today's Top Quizzes in Restaurants
Browse Restaurants
Top Contributed Quizzes in Movies
1
Pick 5 Posters: Directed by Spielberg
2
7-to-1: Pixar Characters
3
Pick 5 Posters: Lowest-Rated Spielberg
4
Sorting Actors
5
Pick 5 Posters: Directed by Scorsese
6
Sorting Actresses
7
Pick 5 Posters: Star & Director
8
Pick 5 Posters: Women Directed 2020s
9
12 Movies about Fictional 1960s Events
10
Multi-Oscar Nominations, One Movie, One Winner
Explore More
Trending Topics
Crossword
NBA
Disney
Harry Potter
Marvel
Anime
Kpop
Song
Pokémon
The Office
Puzzle
Soccer
NFL
Country
WWE
hide this ad
More By:
darkchrome
Quiz
Plays
Rating
Category
Featured
Created
#1 Hits Minefield (Clickable)
29,877
2.69
Music
May 6, 2012
The Campfire Song Song
9,626
4.73
Television
May 19, 2012
Movies by Restaurant
2,932
4.00
Movies
May 14, 2012
Disney Movies by Critical Contrast
1,725
4.33
Movies
May 12, 2012
NBA Players by Shoe Size
1,630
3.33
Sports
May 19, 2012
Go to Creator's Profile
Score Distribution
Quiz Creator Spotlight
darkchrome
Follow
Send a Message
Quizzes Created
-
Created Quiz Play Count
-
More By This Creator
Popular Quizzes Today
1
Find the US States - No Outlines Minefield
2
Find the Countries of Europe - No Outlines Minefield
3
The Countries of the World
4
Find the US States
5
US States
6
Risky Map Clicking: Biggest States A-Z
7
Popular People in 1961
8
Movies - When Are They Set?
More Movies Quizzes
Complete the Documentary Movies (2010s)
Published
Trending Quizzes
Risky Map Clicking: Least Populous States A-Z
1-10 Letter G Words
1-10 Letter F Words
Risky Map Clicking: Next State Alphabetically
Risky Map Clicking: Biggest States A-Z
Recently Updated
Leaping Animals
pecheneg
Reality TV Shows (A-Z)
bhenderson79
Rickey Henderson's Hall of Fame Teammates
pecheneg
Champions League XIs: Arsenal
pecheneg
Quick Pick: Celebrities in WWE's Hall of Fame
aduchscher
A-Z Keypad Blitz II
pecheneg
Multiple Oscar Actors
pecheneg
Mystery Phrase Blitz: Oscar 'Best Actors'
pecheneg
F. Scott Fitzgerald Novels
LTH
Pick 3 Villains
ddd62291
Trending Topics
Kpop
Harry Potter
Crossword
NBA
Marvel
Disney
Anime
WWE
NFL
Song
Soccer
The Office
Puzzle
Country
Pokémon
Your Account Isn't Verified!
In order to create a playlist on Sporcle, you need to verify the email address you used during registration. Go to your
Sporcle Settings
to finish the process.
Report this User
Report this user for behavior that violates our
Community Guidelines
.
Details:
Send Report
Go to the Sporcle.com Mobile Site →
Comments